000 00890nas a2200265 4500
001 BR8000642
003 BR-BrBNA
005 20231205084117.0
007 ta
008 230509b bl.|||p| |||| 00| 00por d
040 _aBR-BrBNA
_bpor
_cBiblioteca Nacional de Agricultura
041 _a(Pt)
072 _aF70
100 1 _aAbreu, C.L.B. de
100 1 _aBautista, H.P.
245 1 _aLevantamento dos tipos do herbario do Jardim Botanico do Rio de Janeiro. Chrysobalanaceae [Brasil]
246 1 _aSurvey of the types from the Botanical Garden herbarium of Rio de Janeiro. Chrysobalanaceae [Brazil]
650 _aTaxonomia vegetal
650 _aChrysobalanaceae
650 _aHerbario
650 _aRio de Janeiro
773 0 _tRodriguesia (Brazil)
_xISSN 0370-6583
_g(1979), v. 31(48) p. 427-461
_wBR8000642
909 _a202311
_bLúcia
_c55
_dLúcia Elande
942 _2AGRIS
_n0
_cANA
999 _c103196
_d103196